00360nam a2200121Ia 4500008004100000245009900041260001700140260000900157300000800166650002300174650001200197856002900209170516s9999 xx 000 0 und d aNanoparticle-Mediated Systemic Delivery of siRNA for Treatment of Cancers and Viral Infections bTheranostics c2014 a4:9 xMedical Technology xMedtech uhttp://www.thno.org/v4i9